<?xml version="1.0" encoding="UTF-8"?>
<record
    xmlns:xsi="http://www.w3.org/2001/XMLSchema-instance"
    xsi:schemaLocation="http://www.loc.gov/MARC21/slim http://www.loc.gov/standards/marcxml/schema/MARC21slim.xsd"
    xmlns="http://www.loc.gov/MARC21/slim">

  <leader>04709cam a2200373Ka 4500</leader>
  <controlfield tag="003">OCoLC</controlfield>
  <controlfield tag="005">20180829174829.0</controlfield>
  <controlfield tag="008">120802s2012    au a    obf   001 0 eng d</controlfield>
  <datafield tag="020" ind1=" " ind2=" ">
    <subfield code="a">9783709103159 (electronic bk.)</subfield>
  </datafield>
  <datafield tag="020" ind1=" " ind2=" ">
    <subfield code="a">3709103150 (electronic bk.)</subfield>
  </datafield>
  <datafield tag="020" ind1=" " ind2=" ">
    <subfield code="z">9783709103142</subfield>
  </datafield>
  <datafield tag="020" ind1=" " ind2=" ">
    <subfield code="z">3709103142</subfield>
  </datafield>
  <datafield tag="040" ind1=" " ind2=" ">
    <subfield code="a">GW5XE</subfield>
    <subfield code="c">GW5XE</subfield>
    <subfield code="d">ZMC</subfield>
    <subfield code="d">E7B</subfield>
    <subfield code="d">OSU</subfield>
    <subfield code="d">UtOrBLW</subfield>
    <subfield code="b">eng</subfield>
  </datafield>
  <datafield tag="049" ind1=" " ind2=" ">
    <subfield code="a">OH1A</subfield>
  </datafield>
  <datafield tag="050" ind1=" " ind2="4">
    <subfield code="a">RD96.4</subfield>
    <subfield code="b">.H36 2012eb</subfield>
  </datafield>
  <datafield tag="050" ind1=" " ind2="4">
    <subfield code="a">RD96.4</subfield>
    <subfield code="b">.H36 2012eb</subfield>
  </datafield>
  <datafield tag="082" ind1="0" ind2="4">
    <subfield code="a">617.11</subfield>
    <subfield code="2">23</subfield>
    <subfield code="b">HAB</subfield>
  </datafield>
  <datafield tag="245" ind1="0" ind2="0">
    <subfield code="a">Handbook of burns.</subfield>
    <subfield code="n">Volume 2,</subfield>
    <subfield code="p">Reconstruction and rehabilitation</subfield>
    <subfield code="h">[electronic resource] /</subfield>
    <subfield code="c">Lars-Peter Kamolz ... [et al.] (editors)</subfield>
  </datafield>
  <datafield tag="246" ind1="3" ind2="0">
    <subfield code="a">Reconstruction and rehabilitation</subfield>
  </datafield>
  <datafield tag="260" ind1=" " ind2=" ">
    <subfield code="a">Wien ;</subfield>
    <subfield code="a">New York :</subfield>
    <subfield code="b">Springer,</subfield>
    <subfield code="c">c2012</subfield>
  </datafield>
  <datafield tag="300" ind1=" " ind2=" ">
    <subfield code="a">1 online resource (xii, 324 p.) :</subfield>
    <subfield code="b">col. ill.)</subfield>
  </datafield>
  <datafield tag="504" ind1=" " ind2=" ">
    <subfield code="a">Includes bibliographical references and index</subfield>
  </datafield>
  <datafield tag="505" ind1="0" ind2="0">
    <subfield code="g">Part 1.</subfield>
    <subfield code="t">Burn injuries and their psychosocial and long time consequences --</subfield>
    <subfield code="t">Acute stress disorder and post traumatic stress disorder in individuals suffering from burn injury /</subfield>
    <subfield code="r">Sherri Sharp and Walter J. Meyer III --</subfield>
    <subfield code="t">Long term consequences of burn injuries /</subfield>
    <subfield code="r">Shelley Wiechman --</subfield>
    <subfield code="g">Part 2.</subfield>
    <subfield code="t">Burn wound healing, documentation, scar management and rehabilitation --</subfield>
    <subfield code="t">Skin architecture and function /</subfield>
    <subfield code="r">Adelheid Elbe-B&#xA9;&#x1A1;rger --</subfield>
    <subfield code="t">Burn wound healing: Pathophysiology /</subfield>
    <subfield code="r">Luc Teot, Sami Otman, Antonio Brancati and Rainer Mittermayr --</subfield>
    <subfield code="t">Burn scar treatment /</subfield>
    <subfield code="r">Luc Teot, Sami Otman, Antonio Brancati and Rainer Mittermayr --</subfield>
    <subfield code="t">Scar assessment /</subfield>
    <subfield code="r">Pauline D. H. M. Verhaegen, Martijn B. A. van der Wal, Esther Middelkoop and Paul P. M. van Zuijlen --</subfield>
    <subfield code="t">The future of wound documentation: Three-dimensional, evidence-based, intuitive and thorough /</subfield>
    <subfield code="r">Michael Giretzlehner, Lars-Peter Kamolz, Johannes Dirnberger and Robert Owen --</subfield>
    <subfield code="t">Evaluation of mimic function in patients with facial burns by use of the three-dimensional video-analysis /</subfield>
    <subfield code="r">Maria Michaelidou and Manfred Frey --</subfield>
    <subfield code="t">Rehabilitation and scar management /</subfield>
    <subfield code="r">Lars-Peter Kamolz and Marc G. Jeschke --</subfield>
    <subfield code="t">Exercise /</subfield>
    <subfield code="r">Karen J. Kowalske, Serina J. McEntire and Oscar E. Suman --</subfield>
    <subfield code="g">Part 3.</subfield>
    <subfield code="t">Burn reconstruction (Principles and techniques) --</subfield>
    <subfield code="t">Principles of burn reconstruction /</subfield>
    <subfield code="r">Lars-Peter Kamolz and David B. Lumenta --</subfield>
    <subfield code="t">Tissue expanders in burn surgery /</subfield>
    <subfield code="r">Norbert Pallua and Erhan Demir --</subfield>
    <subfield code="t">Burn reconstruction: Skin substitutes and tissue engineering /</subfield>
    <subfield code="r">Raymund E. Horch and Volker J. Schmidt --</subfield>
    <subfield code="t">Twelve year follow-up: A clinical study on dermal regeneration /</subfield>
    <subfield code="r">Monica C. T. Bloemen, Paul P. M. van Zuijlen and Esther Middelkoop --</subfield>
    <subfield code="t">Generation of adipose tissue based on tissue engineering: An overview /</subfield>
    <subfield code="r">Maike Keck, David B. Lumenta and Lars-Peter Kamolz --</subfield>
    <subfield code="g">Part 4.</subfield>
    <subfield code="t">Burn reconstruction (Specific regions) --</subfield>
    <subfield code="t">Burn reconstruction: Neck region /</subfield>
    <subfield code="r">Norbert Pallua and Erhan Demir --</subfield>
    <subfield code="t">Burn reconstruction: Eye region /</subfield>
    <subfield code="r">Andreas Heckmann and Peter M. Vogt --</subfield>
    <subfield code="t">Reconstruction of the post burn ear /</subfield>
    <subfield code="r">Andrew Burd --</subfield>
    <subfield code="t">Reconstruction of the perioral region after facial burns /</subfield>
    <subfield code="r">Timo Alexander Spanholtz and Riccardo E. Giunta --</subfield>
    <subfield code="t">Nasal reconstruction /</subfield>
    <subfield code="r">Lars-Peter Kamolz, Maike Keck, Harald Selig and David B. Lumenta --</subfield>
    <subfield code="t">Reconstruction/Correction of burn alopecia /</subfield>
    <subfield code="r">Lars-Peter Kamolz, Maike Keck, Harald Selig and David B. Lumenta --</subfield>
    <subfield code="t">Burn reconstruction: Breast /</subfield>
    <subfield code="r">Eva Koellensperger and Guenter Germann --</subfield>
    <subfield code="t">Reconstruction of burn deformities of the lower extremity /</subfield>
    <subfield code="r">Christian Ottomann and Bernd Hartmann --</subfield>
    <subfield code="t">Thermal injuries to the foot /</subfield>
    <subfield code="r">Thilo Schenck and Riccardo E. Giunta --</subfield>
    <subfield code="t">Burn reconstruction: Hand and upper extremity /</subfield>
    <subfield code="r">Hugo Benito Kitzinger, Birgit Karle and Manfred Frey --</subfield>
    <subfield code="g">Part 5.</subfield>
    <subfield code="t">Burn reconstruction (Future perspectives) --</subfield>
    <subfield code="t">Burn reconstruction -- Future perspectives: Facial transplantation /</subfield>
    <subfield code="r">Maria Siemionow and Fatih Zor --</subfield>
    <subfield code="t">Modern myoprostheses in electric burn injuries of the upper extremity /</subfield>
    <subfield code="r">Oskar C. Aszmann, Hans Diet, Tatjana Paternostro and Manfred Frey</subfield>
  </datafield>
  <datafield tag="650" ind1=" " ind2="0">
    <subfield code="a">Burns and scalds</subfield>
    <subfield code="v">Handbooks, manuals, etc</subfield>
    <subfield code="9">64516</subfield>
  </datafield>
  <datafield tag="650" ind1=" " ind2="0">
    <subfield code="a">Burns and scalds</subfield>
    <subfield code="x">Surgery</subfield>
    <subfield code="v">Handbooks, manuals, etc</subfield>
    <subfield code="9">64517</subfield>
  </datafield>
  <datafield tag="650" ind1=" " ind2="0">
    <subfield code="a">Skin</subfield>
    <subfield code="x">Surgery</subfield>
    <subfield code="v">Handbooks, manuals, etc</subfield>
    <subfield code="9">64518</subfield>
  </datafield>
  <datafield tag="700" ind1="1" ind2=" ">
    <subfield code="a">Kamolz, Lars-Peter</subfield>
    <subfield code="9">64519</subfield>
  </datafield>
  <datafield tag="856" ind1="4" ind2="0">
    <subfield code="3">SpringerLink</subfield>
    <subfield code="u">http://dx.doi.org/10.1007/978-3-7091-0315-9</subfield>
    <subfield code="z">Connect to resource</subfield>
  </datafield>
  <datafield tag="856" ind1="4" ind2="0">
    <subfield code="3">SpringerLink</subfield>
    <subfield code="u">http://proxy.ohiolink.edu:9099/login?url=http://dx.doi.org/10.1007/978-3-7091-0315-9</subfield>
    <subfield code="z">Connect to resource (off-campus access)</subfield>
  </datafield>
  <datafield tag="942" ind1=" " ind2=" ">
    <subfield code="c">BOOK</subfield>
  </datafield>
  <datafield tag="773" ind1="0" ind2=" ">
    <subfield code="t">SpringerLink</subfield>
    <subfield code="w">(OCoLC)43927870</subfield>
  </datafield>
  <datafield tag="773" ind1="0" ind2=" ">
    <subfield code="t">OhioLINK electronic book center (Online)</subfield>
    <subfield code="w">(OCoLC)180989150</subfield>
  </datafield>
  <datafield tag="776" ind1="0" ind2="8">
    <subfield code="i">Print version:</subfield>
    <subfield code="t">Handbook of burns. Volume 2, Reconstruction and rehabilitation.</subfield>
    <subfield code="d">Vienna ; London : Springer, 2012</subfield>
    <subfield code="z">9783709103142</subfield>
    <subfield code="w">(OCoLC)809454787</subfield>
  </datafield>
  <datafield tag="999" ind1=" " ind2=" ">
    <subfield code="c">42673</subfield>
    <subfield code="d">312293</subfield>
  </datafield>
  <datafield tag="952" ind1=" " ind2=" ">
    <subfield code="1">0</subfield>
    <subfield code="2">2018-08-29</subfield>
    <subfield code="4">0</subfield>
    <subfield code="7">0</subfield>
    <subfield code="a">617.11 HAB</subfield>
    <subfield code="d">2018-08-29</subfield>
    <subfield code="h">CL</subfield>
    <subfield code="i">00657499</subfield>
    <subfield code="m">CL</subfield>
    <subfield code="r">2018-08-29 00:00:00</subfield>
    <subfield code="t">BOOK</subfield>
    <subfield code="w">ddc</subfield>
    <subfield code="y">0</subfield>
  </datafield>
  <datafield tag="952" ind1=" " ind2=" ">
    <subfield code="1">0</subfield>
    <subfield code="2">2018-08-29</subfield>
    <subfield code="4">0</subfield>
    <subfield code="7">0</subfield>
    <subfield code="a">617.11 HAB</subfield>
    <subfield code="d">2018-08-29</subfield>
    <subfield code="h">CL</subfield>
    <subfield code="i">00657500</subfield>
    <subfield code="m">CL</subfield>
    <subfield code="r">2018-08-29 00:00:00</subfield>
    <subfield code="t">BOOK</subfield>
    <subfield code="w">ddc</subfield>
    <subfield code="y">0</subfield>
  </datafield>
  <datafield tag="952" ind1=" " ind2=" ">
    <subfield code="1">0</subfield>
    <subfield code="2">2018-08-29</subfield>
    <subfield code="4">0</subfield>
    <subfield code="7">0</subfield>
    <subfield code="a">617.11 HAB</subfield>
    <subfield code="d">2018-08-29</subfield>
    <subfield code="h">CL</subfield>
    <subfield code="i">00657501</subfield>
    <subfield code="m">CL</subfield>
    <subfield code="r">2018-08-29 00:00:00</subfield>
    <subfield code="t">BOOK</subfield>
    <subfield code="w">ddc</subfield>
    <subfield code="y">0</subfield>
  </datafield>
  <datafield tag="952" ind1=" " ind2=" ">
    <subfield code="1">0</subfield>
    <subfield code="2">2018-09-04</subfield>
    <subfield code="4">0</subfield>
    <subfield code="7">0</subfield>
    <subfield code="a">617.11 HAB</subfield>
    <subfield code="c">v.2</subfield>
    <subfield code="d">2018-09-04</subfield>
    <subfield code="h">AMF</subfield>
    <subfield code="i">00657792</subfield>
    <subfield code="m">AMF</subfield>
    <subfield code="r">2018-09-04 00:00:00</subfield>
    <subfield code="t">BOOK</subfield>
    <subfield code="w">ddc</subfield>
    <subfield code="y">0</subfield>
  </datafield>
  <datafield tag="952" ind1=" " ind2=" ">
    <subfield code="1">0</subfield>
    <subfield code="2">2018-09-04</subfield>
    <subfield code="4">0</subfield>
    <subfield code="7">0</subfield>
    <subfield code="a">617.11 HAB</subfield>
    <subfield code="c">v.2</subfield>
    <subfield code="d">2018-09-04</subfield>
    <subfield code="h">AMF</subfield>
    <subfield code="i">00657791</subfield>
    <subfield code="m">AMF</subfield>
    <subfield code="r">2018-09-04 00:00:00</subfield>
    <subfield code="t">BOOK</subfield>
    <subfield code="w">ddc</subfield>
    <subfield code="y">0</subfield>
  </datafield>
</record>
